[Event "I Festival A"]
[Site "Bisaccia ITA"]
[Date "2009.05.29"]
[Round "1"]
[White "Chiarion, Elisa"]
[Black "Capone, Vincenzo"]
[Result "0-1"]
[WhiteElo "1912"]
[BlackElo "2115"]
[PlyCount "100"]
[EventDate "2009.05.29"]

1. e4 c5 2. Nf3 d6 3. d4 cxd4 4. Nxd4 Nf6 5. Nc3 Nc6 6. Bg5 Bd7 7. Bc4 Qa5 8.
Bxf6 gxf6 9. O-O Qc5 10. Nxc6 bxc6 11. Bb3 Rg8 12. Kh1 Qg5 13. Qf3 Qg4 14. Qxg4
Rxg4 15. f4 e6 16. Rae1 Be7 17. Re3 O-O-O 18. Rg3 Rdg8 19. Rxg4 Rxg4 20. h3 Rg7
21. Re1 Bd8 22. Ne2 Bb6 23. Ng1 Kd8 24. Nf3 Ke7 25. c3 Bf2 26. Rf1 Bg3 27. Nd2
c5 28. Rf3 Bc6 29. Nf1 Bh4 30. Re3 f5 31. Bc2 Bb5 32. Kg1 fxe4 33. Bxe4 Kd7 34.
f5 d5 35. fxe6+ fxe6 36. Bf3 Kd6 37. b3 Bg5 38. Re1 Bh4 39. Re3 Bg5 40. Re1 Bf6
41. Bg4 Bd7 42. c4 Bh4 43. Re2 Bf6 44. Ng3 Bd4+ 45. Kh1 Rf7 46. Bf3 Be5 47. Nf1
Bf4 48. Kg1 d4 49. Nd2 Bxd2 50. Rxd2 e5 0-1

[Event "I Festival A"]
[Site "Bisaccia ITA"]
[Date "2009.05.29"]
[Round "1"]
[White "Ciavarra, Luigi"]
[Black "Quimi, Marco"]
[Result "0-1"]
[WhiteElo "1974"]
[BlackElo "2242"]
[PlyCount "110"]
[EventDate "2009.05.29"]

1. e4 c5 2. Nc3 Nc6 3. Nf3 g6 4. g3 Bg7 5. Bg2 Nf6 6. d3 O-O 7. O-O Rb8 8. Bf4
d6 9. Qd2 Re8 10. Rfe1 Nd7 11. Rab1 b5 12. Bh6 Bh8 13. h4 b4 14. Nd1 Qa5 15.
Ra1 Qb6 16. h5 Ba6 17. hxg6 hxg6 18. Rb1 c4 19. dxc4 Bxc4 20. b3 Ba6 21. c4
bxc3 22. Nxc3 Nb4 23. Be3 Qb7 24. e5 d5 25. e6 fxe6 26. Nh4 Nf8 27. Bh6 Qc8 28.
Na4 Qc2 29. Qe3 d4 30. Qe4 Bd3 31. Qg4 Bf5 32. Nxf5 exf5 33. Qd1 Qxd1 34. Rbxd1
e5 35. Nc5 e4 36. Bxf8 Rxf8 37. Ne6 Nc2 38. Nxf8 Kxf8 39. Rxe4 fxe4 40. Bxe4
Nb4 41. Bxg6 Nd5 42. Kg2 Bf6 43. Bf5 Re8 44. Rd2 a5 45. g4 Re1 46. g5 Bh8 47.
Rc2 d3 48. Rd2 Bc3 49. Rxd3 Nf4+ 50. Kg3 Nxd3 51. Bxd3 Ra1 52. f4 Rxa2 53. f5
Bd2 54. Kg4 Rb2 55. g6 Kg7 0-1

[Event "I Festival A"]
[Site "Bisaccia ITA"]
[Date "2009.05.29"]
[Round "1"]
[White "Di Muccio, Lindoro"]
[Black "Caprio, Guido"]
[Result "0-1"]
[WhiteElo "1929"]
[BlackElo "2205"]
[PlyCount "86"]
[EventDate "2009.05.29"]

1. d4 Nf6 2. c4 c5 3. d5 b5 4. a4 b4 5. Nd2 g6 6. e4 e5 7. Bd3 h5 8. Ne2 d6 9.
Nf1 h4 10. Bg5 Be7 11. Ne3 Nxd5 12. cxd5 Bxg5 13. Nc4 h3 14. g3 Bg4 15. Nd2 f5
16. O-O O-O 17. f3 fxe4 18. Bxe4 Bf5 19. g4 Be3+ 20. Kh1 Qg5 21. Ng3 Bxd2 22.
gxf5 gxf5 23. Bc2 Be3 24. Qd3 Rf7 25. Qe2 f4 26. Ne4 Qh6 27. Nf2 Rg7 28. Rg1
Rg2 29. Rxg2+ hxg2+ 30. Kxg2 Bxf2 31. Qxf2 Nd7 32. Rg1 Kh8 33. Kf1 Qh3+ 34. Ke2
Nf6 35. Rg6 Rf8 36. Qg1 b3 37. Bb1 e4 38. fxe4 f3+ 39. Kf2 Qh4+ 40. Qg3 Qh5 41.
Rg5 Qh6 42. Rg6 Ng4+ 43. Rxg4 Qd2+ 0-1

[Event "I Festival A"]
[Site "Bisaccia ITA"]
[Date "2009.05.29"]
[Round "1"]
[White "Dragojlovic, Andjelko"]
[Black "Lattanzio, Savino"]
[Result "1/2-1/2"]
[WhiteElo "2404"]
[BlackElo "2021"]
[PlyCount "60"]
[EventDate "2009.05.29"]

1. e4 c6 2. d4 d5 3. Nd2 dxe4 4. Nxe4 Nd7 5. Nf3 Ngf6 6. Ng3 e6 7. Bd3 Bd6 8.
O-O O-O 9. Qe2 Qc7 10. b3 b6 11. Bb2 Bb7 12. c4 c5 13. Rad1 Rad8 14. Bb1 Rfe8
15. a3 Bxf3 16. Qxf3 cxd4 17. Rxd4 Be5 18. Rd2 Bxb2 19. Rxb2 Ne5 20. Qc3 Ng6
21. b4 Rc8 22. Rc1 Red8 23. h3 Rd7 24. Ne4 Nxe4 25. Bxe4 Qf4 26. Re2 Rd4 27. g3
Rdxc4 28. Qxc4 Qxc1+ 29. Qxc1 Rxc1+ 30. Kg2 Rc3 1/2-1/2

[Event "I Festival A"]
[Site "Bisaccia ITA"]
[Date "2009.05.29"]
[Round "1"]
[White "Gambardella, Piero"]
[Black "Kizov, Atanas"]
[Result "0-1"]
[WhiteElo "2011"]
[BlackElo "2391"]
[PlyCount "46"]
[EventDate "2009.05.29"]

1. d4 Nf6 2. Bg5 Ne4 3. Bf4 d6 4. Nd2 Nf6 5. e3 g6 6. h3 Bg7 7. Ngf3 O-O 8. c3
Nfd7 9. Bc4 e5 10. Bg5 Qe8 11. O-O Nc6 12. b4 h6 13. Bh4 Kh8 14. Qb3 f5 15.
Rfe1 e4 16. Nh2 Nb6 17. Bf1 Be6 18. Qc2 d5 19. Bg3 Qe7 20. b5 Na5 21. Be5 Bxe5
22. dxe5 Qg7 23. f4 g5 0-1

[Event "I Festival A"]
[Site "Bisaccia ITA"]
[Date "2009.05.29"]
[Round "1"]
[White "Gromovs, Sergejs"]
[Black "Grasso, Nino"]
[Result "1-0"]
[WhiteElo "2342"]
[BlackElo "1984"]
[PlyCount "67"]
[EventDate "2009.05.29"]

1. d4 Nf6 2. Nf3 c5 3. d5 d6 4. c4 g6 5. Nc3 Bg7 6. e4 Nbd7 7. Be2 O-O 8. O-O
a6 9. a4 Rb8 10. Ne1 Ne8 11. Bg5 Nc7 12. Qd2 Re8 13. f4 b5 14. axb5 axb5 15.
cxb5 Nb6 16. Nc2 Bd7 17. e5 f6 18. Bh4 fxe5 19. Ne4 Bxb5 20. Bxb5 Nxb5 21. f5
Rf8 22. fxg6 hxg6 23. Ng5 Nc7 24. Qd3 Nbxd5 25. Qxg6 Nf6 26. Ne3 Qe8 27. Nf5
Qxg6 28. Nxe7+ Kh8 29. Nxg6+ Kg8 30. Nxf8 Rxf8 31. Ra7 Nfd5 32. Rxf8+ Kxf8 33.
Ne4 Kf7 34. Bd8 1-0

[Event "I Festival A"]
[Site "Bisaccia ITA"]
[Date "2009.05.29"]
[Round "1"]
[White "Kosic, Dragan"]
[Black "Consalvo, Gerardo"]
[Result "1-0"]
[WhiteElo "2512"]
[BlackElo "2051"]
[PlyCount "59"]
[EventDate "2009.05.29"]

1. d4 d5 2. Nf3 e6 3. e3 f5 4. c4 Nf6 5. Bd3 c6 6. O-O Bd6 7. b3 Qe7 8. a4 a5
9. Ba3 Bxa3 10. Nxa3 Na6 11. Nc2 O-O 12. Qd2 Qc7 13. Rfc1 Ne4 14. Qe1 Nb8 15.
b4 Nd7 16. b5 Ndf6 17. h3 dxc4 18. Bxc4 cxb5 19. Bxb5 Qe7 20. Ne5 Nd6 21. Na3
Nxb5 22. Nxb5 Nd5 23. Nc3 Nb4 24. Nb5 Nd5 25. Ra2 Bd7 26. Nc7 Nb4 27. Nxa8 Nxa2
28. Rc7 Rd8 29. Rxb7 Qh4 30. Qd1 1-0

[Event "I Festival A"]
[Site "Bisaccia ITA"]
[Date "2009.05.29"]
[Round "1"]
[White "Laketic, Gojko"]
[Black "Puglisi, Vincenzo"]
[Result "1-0"]
[WhiteElo "2457"]
[BlackElo "2037"]
[PlyCount "59"]
[EventDate "2009.05.29"]

1. d4 d5 2. c4 c6 3. Nf3 Nf6 4. Qc2 g6 5. Nbd2 Bg7 6. g3 O-O 7. Bg2 Nbd7 8. O-O
Re8 9. Rd1 Nf8 10. e4 dxe4 11. Nxe4 Nxe4 12. Qxe4 Bf5 13. Qh4 Qb6 14. b3 Rad8
15. Bh6 Bg4 16. c5 Qa6 17. Bf1 b5 18. Qxg4 Bxh6 19. a4 Qb7 20. axb5 cxb5 21.
Ne5 Bg7 22. Bg2 Qc8 23. Qxc8 Rxc8 24. Nc6 Rc7 25. Rxa7 Ne6 26. Rxc7 Nxc7 27. d5
Kf8 28. d6 exd6 29. cxd6 Ne6 30. d7 1-0

[Event "I Festival A"]
[Site "Bisaccia ITA"]
[Date "2009.05.29"]
[Round "1"]
[White "Martorelli, Antonio"]
[Black "Rotelli, Pietro"]
[Result "1-0"]
[WhiteElo "2236"]
[BlackElo "1970"]
[PlyCount "39"]
[EventDate "2009.05.29"]

1. e4 Nf6 2. Nc3 d6 3. d4 g6 4. Bc4 Bg7 5. Qe2 Nc6 6. e5 Nxd4 7. exf6 Nxe2 8.
fxg7 Rg8 9. Ngxe2 Rxg7 10. Bh6 Rg8 11. O-O-O e6 12. h4 Bd7 13. Ne4 f6 14. Nf4
Kf7 15. Rhe1 Re8 16. g4 Qc8 17. g5 b5 18. Bb3 d5 19. Nxf6 Re7 20. Nd3 1-0

[Event "I Festival A"]
[Site "Bisaccia ITA"]
[Date "2009.05.29"]
[Round "1"]
[White "Minikh, Edouard"]
[Black "Franciosi, Fausto"]
[Result "1-0"]
[WhiteElo "2095"]
[BlackElo "1903"]
[PlyCount "75"]
[EventDate "2009.05.29"]

1. d4 Nf6 2. c4 g6 3. Nc3 Bg7 4. e4 d6 5. Bg5 O-O 6. f3 c6 7. Qd2 Qa5 8. Nge2
e5 9. d5 cxd5 10. cxd5 Nbd7 11. Nc1 a6 12. Be2 b5 13. O-O Bb7 14. Nd3 Rac8 15.
a4 bxa4 16. Rxa4 Qd8 17. Rb4 Rc7 18. Rc1 Qc8 19. Be3 Ne8 20. Ra4 f5 21. Na2
Rxc1+ 22. Qxc1 Qxc1+ 23. Naxc1 Nc7 24. Nb3 fxe4 25. fxe4 Nb5 26. Na5 Bc8 27.
Nc6 Bb7 28. Na5 Bc8 29. Nc6 Bb7 30. h3 Bxc6 31. dxc6 Nb8 32. Nb4 Nd4 33. Bc4+
Kh8 34. Bxd4 exd4 35. c7 Nd7 36. Rxa6 Be5 37. Be6 d3 38. Nxd3 1-0

[Event "I Festival A"]
[Site "Bisaccia ITA"]
[Date "2009.06.29"]
[Round "1"]
[White "Serafimov, Tervel"]
[Black "Colucci, Stefano"]
[Result "1-0"]
[WhiteElo "2388"]
[BlackElo "2009"]
[PlyCount "43"]
[EventDate "2009.05.29"]

1. c4 Nf6 2. g3 c6 3. Nf3 d5 4. Bg2 Bf5 5. cxd5 cxd5 6. Qb3 Qc8 7. Nc3 e6 8.
O-O h6 9. d3 Nc6 10. Bf4 Nh5 11. Bd2 Be7 12. e4 dxe4 13. dxe4 Bg4 14. Qa4 Nf6
15. e5 Bxf3 16. exf6 Bxg2 17. fxg7 Rg8 18. Kxg2 Bg5 19. Bxg5 hxg5 20. Ne4 Ke7
21. Qa3+ Kd7 22. Qd6+ 1-0

[Event "I Festival A"]
[Site "Bisaccia ITA"]
[Date "2009.05.29"]
[Round "1"]
[White "Stromboli, Carlo"]
[Black "Galasso, Luigi"]
[Result "1-0"]
[WhiteElo "2283"]
[BlackElo "1975"]
[PlyCount "53"]
[EventDate "2009.05.29"]

1. e4 Nf6 2. e5 Nd5 3. b3 d6 4. Bb2 dxe5 5. Bxe5 Nd7 6. Bb2 N7f6 7. Nf3 Bg4 8.
Bc4 e6 9. Nc3 Nxc3 10. Bxc3 Be7 11. h3 Bxf3 12. Qxf3 c6 13. O-O O-O 14. Rad1
Nd5 15. Bb2 Bf6 16. c3 Qc7 17. d4 Rfd8 18. Rd2 b5 19. Bd3 Qf4 20. Qe2 Qg5 21.
Rfd1 b4 22. cxb4 Nxb4 23. Be4 Nd5 24. Rc2 Rac8 25. g3 Ne7 26. Rc5 Qh6 27. Rh5
1-0

[Event "I Festival A"]
[Site "Bisaccia ITA"]
[Date "2009.05.29"]
[Round "1"]
[White "Vanacore, Francesco"]
[Black "Inkiov, Ventzislav V."]
[Result "0-1"]
[WhiteElo "2050"]
[BlackElo "2471"]
[PlyCount "79"]
[EventDate "2009.05.29"]

1. e4 c5 2. Nf3 e6 3. c3 Nf6 4. h3 g6 5. Bd3 Bg7 6. Bc2 e5 7. d3 O-O 8. O-O Nc6
9. Na3 h6 10. Be3 Qe7 11. Qd2 Kh7 12. Nh2 d5 13. exd5 Nxd5 14. f4 Be6 15. Nf3
exf4 16. Bxf4 Nxf4 17. Qxf4 Bd5 18. Rae1 Qd7 19. Nc4 Rae8 20. a4 Kg8 21. Ne3
Be6 22. Ng4 Bxg4 23. hxg4 Qd5 24. g5 h5 25. Re4 Rxe4 26. dxe4 Qa2 27. Qc1 Qc4
28. Qe3 Re8 29. Nd2 Qa6 30. Bb3 Ne5 31. Qxc5 Bf8 32. Qd5 Qb6+ 33. Kh2 Qc7 34.
Rf6 Rd8 35. Qb5 Rxd2 36. Qe8 Rd8 37. Bxf7+ Kh8 38. Qb5 Rd1 39. Rf1 Rxf1 40.
Qxf1 0-1

[Event "I Festival A"]
[Site "Bisaccia ITA"]
[Date "2009.05.29"]
[Round "1"]
[White "Vespe, Francesco"]
[Black "Stromboli, Ettore"]
[Result "1-0"]
[WhiteElo "1982"]
[BlackElo "2301"]
[PlyCount "47"]
[EventDate "2009.05.29"]

1. d4 e6 2. c4 b6 3. Nf3 Bb7 4. g3 Nf6 5. Bg2 Be7 6. O-O O-O 7. Nc3 Ne4 8. Qc2
Nxc3 9. Qxc3 f5 10. Bf4 Bf6 11. Be5 d6 12. Bxf6 Qxf6 13. Rac1 Nd7 14. b4 a5 15.
a3 c5 16. Rfd1 Qe7 17. dxc5 axb4 18. cxd6 Qf6 19. axb4 Rfc8 20. Qxf6 gxf6 21.
Ne5 Bxg2 22. Nxd7 Rd8 23. Nxb6 Rab8 24. Kxg2 1-0

[Event "I Festival A"]
[Site "Bisaccia ITA"]
[Date "2009.05.30"]
[Round "2"]
[White "Capone, Vincenzo"]
[Black "Serafimov, Tervel"]
[Result "1/2-1/2"]
[WhiteElo "2115"]
[BlackElo "2388"]
[PlyCount "77"]
[EventDate "2009.05.29"]

1. d4 d5 2. c4 e6 3. Nc3 b6 4. cxd5 exd5 5. Bf4 Bb7 6. Nf3 a6 7. e3 Nf6 8. Bd3
Be7 9. h3 O-O 10. O-O c5 11. Ne5 Nc6 12. Nxc6 Bxc6 13. Qf3 Qd7 14. g4 g6 15.
Be5 Ne8 16. e4 dxe4 17. Bxe4 Bxe4 18. Qxe4 Rc8 19. Qd5 Rd8 20. Qxd7 Rxd7 21.
dxc5 Bxc5 22. Ne4 f6 23. Nxc5 bxc5 24. Bf4 Nc7 25. Rfd1 Nd5 26. Rd2 Rfd8 27.
Rad1 Nb6 28. Rxd7 Rxd7 29. Rc1 c4 30. Be3 Nd5 31. Rxc4 Nxe3 32. fxe3 Rd1+ 33.
Kf2 Rd2+ 34. Kf3 Rxb2 35. Ra4 Rb6 36. h4 Kf7 37. Rc4 Ke6 38. Rc5 Rd6 39. Ra5
1/2-1/2

[Event "I Festival A"]
[Site "Bisaccia ITA"]
[Date "2009.05.30"]
[Round "2"]
[White "Caprio, Guido"]
[Black "Laketic, Gojko"]
[Result "1/2-1/2"]
[WhiteElo "2205"]
[BlackElo "2457"]
[PlyCount "33"]
[EventDate "2009.05.29"]

1. e4 d6 2. d4 Nf6 3. Nc3 e5 4. Nf3 Nbd7 5. g4 c6 6. g5 Nh5 7. Be3 g6 8. Qd2
Bg7 9. O-O-O Qe7 10. dxe5 dxe5 11. Bh3 O-O 12. Qd6 Qxd6 13. Rxd6 Nb6 14. Bxc8
Raxc8 15. Bxb6 axb6 16. Rhd1 Nf4 17. Rd7 1/2-1/2

[Event "I Festival A"]
[Site "Bisaccia ITA"]
[Date "2009.05.30"]
[Round "2"]
[White "Cinque, Antonio"]
[Black "Gambardella, Piero"]
[Result "1/2-1/2"]
[WhiteElo "1913"]
[BlackElo "2011"]
[PlyCount "90"]
[EventDate "2009.05.29"]

1. e4 e5 2. Nf3 Nc6 3. Bc4 Nf6 4. Nc3 Nxe4 5. Nxe4 d5 6. Bd3 dxe4 7. Bxe4 Bc5
8. O-O Bg4 9. h3 Bxf3 10. Qxf3 Nd4 11. Qd1 c6 12. c3 Ne6 13. d3 O-O 14. Bf5 Qf6
15. Qg4 h5 16. Qe4 Rfe8 17. Bxe6 Qxe6 18. Be3 Bb6 19. Rfd1 Qd5 20. a3 Rad8 21.
Qf5 g6 22. Qe4 Kg7 23. Qxd5 Rxd5 24. Kf1 Red8 25. Ke2 Kf6 26. f3 Bxe3 27. Kxe3
c5 28. Rd2 Kg5 29. g3 f5 30. h4+ Kf6 31. f4 Re8 32. Rad1 exf4+ 33. Kxf4 Rde5
34. b4 b6 35. bxc5 bxc5 36. Rb2 R8e6 37. Rb7 Re2 38. Kf3 g5 39. hxg5+ Kxg5 40.
Rg7+ Kf6 41. Rxa7 Kg5 42. Rg7+ Kf6 43. Ra7 Kg5 44. Rg7+ Kf6 45. Ra7 Kg5 1/2-1/2

[Event "I Festival A"]
[Site "Bisaccia ITA"]
[Date "2009.05.30"]
[Round "2"]
[White "Colucci, Stefano"]
[Black "Chiarion, Elisa"]
[Result "1-0"]
[WhiteElo "2009"]
[BlackElo "1912"]
[PlyCount "141"]
[EventDate "2009.05.29"]

1. d4 d5 2. Nf3 c6 3. c4 e6 4. Nc3 dxc4 5. a4 Bb4 6. e4 b5 7. Be2 Bb7 8. O-O a6
9. Qc2 Nd7 10. b3 Bxc3 11. Qxc3 a5 12. bxc4 b4 13. Qb2 Qc7 14. d5 e5 15. Bg5 h5
16. Rac1 f6 17. Be3 Ne7 18. Rfd1 Ng6 19. d6 Qc8 20. c5 O-O 21. Bc4+ Kh8 22. Be6
Qe8 23. Bf5 Qf7 24. Bxg6 Qxg6 25. Qc2 Ba6 26. h3 Rab8 27. Nh4 Qf7 28. Nf5 b3
29. Qb2 Rb4 30. Ne7 Bb7 31. Rc3 Rb8 32. Rb1 Ba8 33. f3 Rxa4 34. Rxb3 Rxb3 35.
Qxb3 Qxb3 36. Rxb3 Ra1+ 37. Kh2 a4 38. Rb4 a3 39. Ra4 Bb7 40. Ra7 a2 41. Kg3
Rb1 42. Rxa2 Rb3 43. Bf2 g5 44. Ra7 Kg7 45. Nf5+ Kf7 46. Ra5 Rb2 47. Be3 h4+
48. Kh2 Rb3 49. Ra7 Ke8 50. Kg1 Rb2 51. g3 hxg3 52. Nxg3 Nb8 53. Nf5 Na6 54.
Ng7+ Kd7 55. Nh5 Ke6 56. Ng3 Kd7 57. Nf5 Kc8 58. Ne7+ Kd7 59. Bf2 Rb3 60. Kg2
Rb2 61. Kg3 Nb8 62. Kg4 Ke6 63. h4 Rxf2 64. Rxb7 Nd7 65. Nf5 Rd2 66. Ng7+ Kf7
67. Rxd7+ Kf8 68. Ne6+ Kg8 69. Rg7+ Kh8 70. hxg5 fxg5 71. Kxg5 1-0

[Event "I Festival A"]
[Site "Bisaccia ITA"]
[Date "2009.05.30"]
[Round "2"]
[White "Consalvo, Gerardo"]
[Black "Ciavarra, Luigi"]
[Result "0-1"]
[WhiteElo "2051"]
[BlackElo "1974"]
[PlyCount "85"]
[EventDate "2009.05.29"]

1. e4 c5 2. c3 e6 3. d3 Nc6 4. Nf3 d5 5. Nbd2 Nf6 6. g3 Be7 7. Bg2 O-O 8. O-O
Qc7 9. Re1 Rd8 10. Qe2 b6 11. e5 Nd7 12. Nf1 Ba6 13. Bf4 Nf8 14. h4 Rac8 15. h5
b5 16. N1h2 d4 17. Ng4 dxc3 18. bxc3 b4 19. c4 Nd4 20. Nxd4 Rxd4 21. Be3 Rdd8
22. Nf6+ gxf6 23. Qg4+ Ng6 24. hxg6 hxg6 25. Bh6 Bb7 26. Bxb7 Qxb7 27. Qe2 a5
28. Qb2 Kh7 29. Qd2 Rh8 30. Re4 Rcd8 31. Qe3 Kg8 32. Kg2 a4 33. f3 b3 34. axb3
axb3 35. Qc1 Rxh6 36. Ra3 Qb4 37. Qxh6 Qxa3 38. Re1 Qb2+ 39. Kh3 Qf2 40. Re3
Qf1+ 41. Kg4 Rxd3 42. Rxd3 Qxd3 43. Qc1 0-1

[Event "I Festival A"]
[Site "Bisaccia ITA"]
[Date "2009.05.30"]
[Round "2"]
[White "Forlano, Luigi"]
[Black "Dragojlovic, Andjelko"]
[Result "0-1"]
[WhiteElo "2006"]
[BlackElo "2404"]
[PlyCount "34"]
[EventDate "2009.05.29"]

1. e4 c5 2. Nc3 g6 3. f4 Bg7 4. Nf3 Nc6 5. Bb5 Nd4 6. O-O e6 7. e5 a6 8. Nxd4
cxd4 9. Ne4 axb5 10. Nd6+ Kf8 11. Qe2 Ne7 12. g4 h5 13. f5 exf5 14. gxf5 Nxf5
15. Rxf5 gxf5 16. d3 Qh4 17. Nxf5 Qg4+ 0-1

[Event "I Festival A"]
[Site "Bisaccia ITA"]
[Date "2009.05.30"]
[Round "2"]
[White "Franciosi, Fausto"]
[Black "Bove, Raffaele"]
[Result "1-0"]
[WhiteElo "1903"]
[BlackElo "1993"]
[PlyCount "133"]
[EventDate "2009.05.29"]

1. d4 Nf6 2. c4 e6 3. Nf3 b6 4. a3 Bb7 5. Nc3 Bxf3 6. exf3 Be7 7. Bd3 d5 8.
cxd5 exd5 9. O-O O-O 10. Bg5 c5 11. dxc5 bxc5 12. Qd2 Nc6 13. Rad1 Nh5 14. Bxe7
Nxe7 15. Rfe1 Nc6 16. Nxd5 Nd4 17. Nc3 Qh4 18. Re4 Qf6 19. Rde1 Rad8 20. Ne2
Nxf3+ 21. gxf3 Qxf3 22. Nc1 Nf6 23. Qe3 Qh5 24. Rc4 Rd5 25. Kh1 Ng4 26. Qg3 Ne5
27. Rh4 Qf3+ 28. Qxf3 Nxf3 29. Bxh7+ Kh8 30. Be4+ Nxh4 31. Bxd5 Rd8 32. Bxf7
Rd2 33. Rf1 Rxb2 34. Nd3 Rc2 35. Ne5 Kh7 36. Bd5 Rc3 37. Nc4 g6 38. Re1 Rc2 39.
Kg1 Kh6 40. Kf1 Rc3 41. Re3 Rc1+ 42. Ke2 Nf5 43. Rh3+ Kg7 44. Kd2 Ra1 45. Rc3
Nd4 46. Ke3 Re1+ 47. Kd2 Re2+ 48. Kd1 Rxf2 49. h3 Rf1+ 50. Kd2 Rf2+ 51. Ke1 Rh2
52. Nd6 Re2+ 53. Kf1 Re5 54. Rxc5 Ne6 55. Ra5 Nc7 56. Rxa7 Rxd5 57. Rxc7+ Kg8
58. Ne4 Ra5 59. Rc3 Kg7 60. Ke2 Kh6 61. Kd3 Ra4 62. Nc5 Rh4 63. Kc2 Kh5 64. Nd3
Re4 65. Kb3 g5 66. Nf2 Rf4 67. Ng4 1-0

[Event "I Festival A"]
[Site "Bisaccia ITA"]
[Date "2009.05.30"]
[Round "2"]
[White "Galasso, Luigi"]
[Black "Vanacore, Francesco"]
[Result "1/2-1/2"]
[WhiteElo "1975"]
[BlackElo "2050"]
[PlyCount "27"]
[EventDate "2009.05.29"]

1. c4 c6 2. g3 Nf6 3. Bg2 d5 4. b3 Bf5 5. Nf3 e6 6. O-O Nbd7 7. Bb2 Be7 8. d3
O-O 9. Nbd2 Qc7 10. Rc1 Bg6 11. cxd5 Nxd5 12. Nc4 Bf6 13. Ba3 Be7 14. Bb2
1/2-1/2

[Event "I Festival A"]
[Site "Bisaccia ITA"]
[Date "2009.05.30"]
[Round "2"]
[White "Grasso, Nino"]
[Black "Stromboli, Ettore"]
[Result "0-1"]
[WhiteElo "1984"]
[BlackElo "2301"]
[PlyCount "55"]
[EventDate "2009.05.29"]

1. e4 e6 2. d4 d5 3. Nc3 Bb4 4. e5 c5 5. a3 Bxc3+ 6. bxc3 Ne7 7. Qg4 Qc7 8.
Qxg7 Rg8 9. Qxh7 cxd4 10. Ne2 Nbc6 11. f4 Bd7 12. Qd3 dxc3 13. Nxc3 a6 14. h4
O-O-O 15. Rb1 Na5 16. Rh3 Nc4 17. h5 Nf5 18. Rb4 Bc6 19. Ne2 Bb5 20. Qb3 d4 21.
a4 Na5 22. Qb2 Bc4 23. h6 Bxe2 24. h7 Bxf1 25. hxg8=Q Rxg8 26. Kxf1 Nc4 27. Qb3
Na5 28. Bd2 0-1

[Event "I Festival A"]
[Site "Bisaccia ITA"]
[Date "2009.05.30"]
[Round "2"]
[White "Inkiov, Ventzislav V."]
[Black "Stromboli, Carlo"]
[Result "1-0"]
[WhiteElo "2471"]
[BlackElo "2283"]
[PlyCount "103"]
[EventDate "2009.05.29"]

1. e4 e5 2. Bc4 Nf6 3. d3 Nc6 4. Nf3 Be7 5. O-O O-O 6. a4 h6 7. a5 Rb8 8. c3
Nh7 9. Bd5 Bf6 10. Nbd2 Ne7 11. Bb3 g5 12. Nc4 d6 13. d4 Ng6 14. dxe5 dxe5 15.
Be3 b6 16. axb6 axb6 17. Ra7 Bb7 18. h4 Qe7 19. hxg5 Nxg5 20. Bxg5 Bxg5 21. Qc2
Qf6 22. Ne3 Qf4 23. Bd5 c6 24. Bb3 Ne7 25. Nc4 Nc8 26. Raa1 Bf6 27. Rad1 c5 28.
Rfe1 b5 29. Na5 c4 30. Ba2 Ba8 31. b4 Kh8 32. Qe2 Rg8 33. g3 Qg4 34. Kg2 Ne7
35. Rd6 Ng6 36. Rxf6 Nf4+ 37. Rxf4 exf4 38. Nd4 fxg3 39. Qxg4 Rxg4 40. f3 Rg5
41. Bb1 Rbg8 42. Rh1 Kg7 43. Nf5+ Kf6 44. Nxh6 Rd8 45. Ng4+ Ke7 46. Kxg3 Rgg8
47. Kf4 Rd2 48. e5 Rb2 49. Bf5 Kf8 50. Nf6 Rf2 51. Rh3 Rgg2 52. Rh8+ 1-0

[Event "I Festival A"]
[Site "Bisaccia ITA"]
[Date "2009.05.30"]
[Round "2"]
[White "Lattanzio, Savino"]
[Black "Vespe, Francesco"]
[Result "1/2-1/2"]
[WhiteElo "2021"]
[BlackElo "1982"]
[PlyCount "62"]
[EventDate "2009.05.29"]

1. e4 e6 2. d4 d5 3. Nd2 Nf6 4. e5 Nfd7 5. Ndf3 c5 6. c3 Nc6 7. Bd3 Qb6 8. Ne2
cxd4 9. cxd4 Bb4+ 10. Bd2 Bxd2+ 11. Qxd2 Qb4 12. O-O Qxd2 13. Nxd2 Nb4 14. Bb1
b6 15. Rc1 Ba6 16. Nc3 Ke7 17. a3 Nd3 18. Bxd3 Bxd3 19. f3 f6 20. exf6+ gxf6
21. Re1 Kf7 22. Re3 Ba6 23. Rae1 Rhe8 24. f4 f5 25. Nf3 h6 26. Ne5+ Nxe5 27.
Rxe5 Bc4 28. R5e3 Rac8 29. Kf2 Rc6 30. g4 fxg4 31. Kg3 Rg8 1/2-1/2

[Event "I Festival A"]
[Site "Bisaccia ITA"]
[Date "2009.05.30"]
[Round "2"]
[White "Lazic, Miroljub"]
[Black "Martorelli, Antonio"]
[Result "1-0"]
[WhiteElo "2438"]
[BlackElo "2236"]
[PlyCount "73"]
[EventDate "2009.05.29"]

1. d4 d5 2. Nf3 Nf6 3. Bf4 c6 4. e3 Qb6 5. Qc1 Nh5 6. Bg5 h6 7. Bh4 g5 8. Bg3
Nxg3 9. hxg3 Bg7 10. c4 Be6 11. Nc3 dxc4 12. Nd2 Nd7 13. Nxc4 Qd8 14. Qc2 Nb6
15. Nd2 a5 16. Rd1 Qc8 17. Nde4 Nd7 18. Be2 O-O 19. Nxg5 Nf6 20. Nh3 c5 21. d5
Bd7 22. b3 Rd8 23. Nf4 Qb8 24. Bf3 Ra6 25. a4 Rc8 26. Be2 Rd6 27. Bc4 Rb6 28.
Ne4 Qe5 29. Nxf6+ Bxf6 30. O-O Bg4 31. Rc1 Qg5 32. Qd2 h5 33. Qxa5 Rd6 34. Qe1
Kg7 35. Nh3 Qf5 36. e4 Qe5 37. f3 1-0

[Event "I Festival A"]
[Site "Bisaccia ITA"]
[Date "2009.05.30"]
[Round "2"]
[White "Puglisi, Vincenzo"]
[Black "Di Muccio, Lindoro"]
[Result "1/2-1/2"]
[WhiteElo "2037"]
[BlackElo "1929"]
[PlyCount "90"]
[EventDate "2009.05.29"]

1. c4 b6 2. d4 e6 3. Nf3 Nf6 4. g3 Bb7 5. Bg2 c5 6. d5 exd5 7. Nh4 Be7 8. cxd5
d6 9. Nc3 Nbd7 10. Nf5 O-O 11. Bf4 Ne5 12. Bxe5 dxe5 13. O-O Bd6 14. Qa4 Bb8
15. Rad1 Qd7 16. Qxd7 Nxd7 17. Bh3 Rd8 18. Ne7+ Kf8 19. Nc6 Bd6 20. Nxd8 Rxd8
21. Bg2 a6 22. e4 b5 23. b3 Nb6 24. Ne2 c4 25. Bh3 cxb3 26. axb3 a5 27. f4 a4
28. bxa4 bxa4 29. fxe5 Bxe5 30. Nd4 Ke7 31. Nc6+ Bxc6 32. dxc6 a3 33. Rxf7+
Kxf7 34. Rxd8 a2 35. Rd1 a1=Q 36. Rxa1 Bxa1 37. c7 Kf6 38. c8=Q Nxc8 39. Bxc8
h6 40. Kf2 Be5 41. Kf3 Ba1 42. h4 Be5 43. h5 Ba1 44. Bf5 Be5 45. g4 Ba1 1/2-1/2

[Event "I Festival A"]
[Site "Bisaccia ITA"]
[Date "2009.05.30"]
[Round "2"]
[White "Rotelli, Pietro"]
[Black "Ariete, Gerardo"]
[Result "1/2-1/2"]
[WhiteElo "1970"]
[BlackElo "2022"]
[PlyCount "38"]
[EventDate "2009.05.29"]

1. d4 d5 2. c4 c6 3. Nc3 a6 4. a4 e6 5. e3 Nf6 6. Bd3 Nbd7 7. Nf3 Bb4 8. O-O
Rb8 9. Qc2 dxc4 10. Bxc4 b5 11. Bd3 Nb6 12. Ne5 Bb7 13. Na2 Be7 14. Nxc6 Qd5
15. axb5 axb5 16. Nc3 Qh5 17. Nxb8 Bxg2 18. Bxb5+ Kf8 19. Kxg2 Qg4+ 1/2-1/2

[Event "I Festival A"]
[Site "Bisaccia ITA"]
[Date "2009.05.30"]
[Round "2"]
[White "Sellitti, Luca"]
[Black "Gromovs, Sergejs"]
[Result "0-1"]
[WhiteElo "1897"]
[BlackElo "2342"]
[PlyCount "54"]
[EventDate "2009.05.29"]

1. e4 c5 2. c3 Nf6 3. e5 Nd5 4. d4 d6 5. Bb5+ Bd7 6. Bxd7+ Qxd7 7. Nf3 Nc6 8.
O-O cxd4 9. Re1 e6 10. cxd4 dxe5 11. dxe5 Rc8 12. Bd2 Ncb4 13. Nc3 Nd3 14. Re4
Bc5 15. Nd4 Nb6 16. Qg4 Kf8 17. Nce2 h5 18. Qf3 Nxb2 19. Nf4 Ke8 20. Nxh5 Bf8
21. Rg4 Rxh5 22. Nb3 Qd5 23. Qg3 Qxe5 24. Bf4 Qc3 25. Be3 N2c4 26. Rc1 Rd5 27.
Qf3 Ne5 0-1